[Event "National I"]
[Site "Bordeaux FRA"]
[Date "2003.04.07"]
[Round "7"]
[White "Mullon,J"]
[Black "Te Llalemand,R"]
[Result "0-1"]
[WhiteElo "2286"]
[BlackElo "2291"]

1.e4 c5 2.Nf3 d6 3.d4 cxd4 4.Nxd4 Nf6 5.Nc3 Nc6 6.Bg5 e6 7.Qd2 a6 8.O-O-O Bd7
9.f3 Be7 10.h4 h6 11.Be3 h5 12.Kb1 Ne5 13.Qf2 b5 14.Qg3 b4 15.Nce2 g6 16.Bc1 Qc7
17.Qe1 a5 18.f4 Neg4 19.Ng3 O-O 20.Be2 e5 21.Nf3 Qc5 22.Bd3 a4 23.Rf1 b3
24.fxe5 bxa2+ 25.Ka1 dxe5 26.Ng5 Rfb8 27.Qe2 Rb4 28.c3 Rb6 29.Bc4 Be8 30.Rf3 Rab8
31.Bxa2 Rb3 32.c4 Kg7 33.Nf1 R3b7 34.Ne3 a3 35.b3 Qa5 36.Nd5 Bc5 37.Bd2 Bd4+
38.Kb1 Qa4 39.Kc2 Qa6 40.Nxf6 Nxf6 41.Rdf1 Ng4 42.Rd3 Ba4 43.Rxf7+ Rxf7 44.Nxf7 Qxc4+  0-1

[Event "ch-POLJ u20 w"]
[Site "Jarnoltowek POL"]
[Date "2003.04.07"]
[Round "1"]
[White "Kupczyk,E"]
[Black "Czarnota,D"]
[Result "0-1"]
[WhiteElo "2129"]
[BlackElo "2191"]

1.e4 c5 2.Nf3 d6 3.d4 cxd4 4.Nxd4 Nf6 5.Nc3 Nc6 6.Bg5 e6 7.Qd2 a6 8.O-O-O Bd7
9.f4 b5 10.Bxf6 gxf6 11.Nxc6 Bxc6 12.Qe1 b4 13.Nd5 a5 14.Bd3 Bg7 15.Ne3 f5
16.exf5 Qf6 17.Nc4 Bd5 18.Nxd6+ Ke7 19.Qe5 Qxe5 20.fxe5 Bxe5 21.Nc4 Bf4+
22.Kb1 Bxg2 23.Rhe1 Kf6 24.fxe6 fxe6 25.Bf1 Rhg8 26.Bxg2 Rxg2 27.h3 Rc8 28.Re4 Kf5
29.Red4 Rf2 30.a3 bxa3 31.Nxa3 Rf3 32.Nc4 Rc5 33.R1d3 Rf1+ 34.Ka2 e5 35.Nd6+ Ke6
36.Ra4 Rxc2 37.Rxa5 Rff2 38.Ne4 Rxb2+ 39.Ka1 Rg2 40.Ra4 Rb6 41.Rc3 Rh2 42.Rf3 Rc6
43.Nc3 Bd2  0-1

[Event "Classics GM"]
[Site "Gausdal NOR"]
[Date "2003.04.09"]
[Round "9"]
[White "Berg,E"]
[Black "Lugovoi,A"]
[Result "1/2-1/2"]
[WhiteElo "2514"]
[BlackElo "2563"]

1.e4 c5 2.Nf3 d6 3.d4 cxd4 4.Nxd4 Nf6 5.Nc3 Nc6 6.Bg5 e6 7.Qd2 a6 8.f3 Be7
9.O-O-O Bd7 10.Kb1 Rc8 11.h4 b5 12.Nxc6 Bxc6 13.Bd3 Nd7 14.Ne2  1/2-1/2

[Event "IM"]
[Site "Evry FRA"]
[Date "2003.04.10"]
[Round "1"]
[White "Simon,O"]
[Black "Lazarev,V"]
[Result "1-0"]
[WhiteElo "2293"]
[BlackElo "2517"]

1.e4 c5 2.Nf3 d6 3.d4 cxd4 4.Nxd4 Nf6 5.Nc3 Nc6 6.Bg5 Qb6 7.Nb3 e6 8.Qd2 a6
9.O-O-O Be7 10.f3 Qc7 11.h4 Ne5 12.Kb1 h6 13.Be3 Bd7 14.Qf2 b5 15.a3 h5 16.Bb6 Qc8
17.Na5 Rb8 18.Ba7 Ra8 19.Bb6 O-O 20.g4 hxg4 21.f4 Nc6 22.Bd3 Rb8 23.Nxc6 Qxc6
24.Bd4 b4 25.axb4 Rxb4 26.Na2 Rb7 27.e5 Nh5 28.Be2 f5 29.exf6 Bxf6 30.Bxf6 Rxf6
31.Bxg4 Nxf4 32.Qd2 Qb6 33.b3 e5 34.Bxd7 Rxd7 35.Nc3 d5 36.Qe1 Qc7 37.Ne2 Ne6
38.h5 e4 39.Nc3 Nf4 40.Qg3 Qe5 41.h6 Rg6 42.h7+ Kh8 43.Qe3 Rh6 44.Rdf1 Rf7
45.Qc5 Kxh7 46.Rxh6+ Kxh6 47.Rh1+ Kg6 48.Nd1 Rc7 49.Qb6+ Kf7 50.Ne3 Qc3 51.Rf1 g5
52.Rh1 Rc6 53.Qa7+ Kg8 54.Qe7 Ne6 55.Nxd5 Qxc2+ 56.Ka1 Nf8 57.Nf6+ Rxf6 58.Qxf6 Nh7
59.Qg6+ Kf8 60.Rf1+ Ke7 61.Rf7+  1-0

[Event "ch-POLJ u20 w"]
[Site "Jarnoltowek POL"]
[Date "2003.04.10"]
[Round "5"]
[White "Socha,A"]
[Black "Czarnota,D"]
[Result "0-1"]
[WhiteElo "2108"]
[BlackElo "2191"]

1.e4 c5 2.Nf3 Nc6 3.d4 cxd4 4.Nxd4 Nf6 5.Nc3 d6 6.Bg5 e6 7.Qd2 a6 8.O-O-O Bd7
9.f4 b5 10.Nxc6 Bxc6 11.Qe3 Be7 12.Bxf6 Bxf6 13.e5 Be7 14.Ne4 Bxe4 15.Qxe4 d5
16.Qf3 Qc7 17.Kb1 h5 18.Bd3 g6 19.h4 Qb6 20.g4 O-O-O 21.g5 Kb8 22.Qe2 Ka7
23.Rh3 Rc8 24.Re1 Rc6 25.Qf3 Bc5 26.Rh2 Qa5 27.Rhe2 Bb6 28.Rd1 Kb8 29.Rg2 Rhc8
30.Re2 Qa4 31.Rc1 Qb4 32.a3 Qa5 33.Rg2 b4 34.axb4 Qxb4 35.Bxa6 Bd4 36.c3 Rxc3
37.Rxc3 Rxc3 38.Qe2 Rb3 39.Qc2 Ka7 40.Bd3 Rxb2+ 41.Qxb2 Bxb2 42.Rxb2 Qxf4
43.Bb5 Qxe5 44.Be8 Qe1+ 45.Ka2 Qxh4 46.Bxf7 Qc4+ 47.Ka3 Qc3+ 48.Rb3 Qc1+
49.Ka4 Qf4+  0-1

[Event "ch-POLJ u20 w"]
[Site "Jarnoltowek POL"]
[Date "2003.04.11"]
[Round "6"]
[White "Czarnota,D"]
[Black "Kadziolka,B"]
[Result "1/2-1/2"]
[WhiteElo "2191"]
[BlackElo "2206"]

1.e4 c5 2.Nf3 d6 3.d4 cxd4 4.Nxd4 Nf6 5.Nc3 Nc6 6.Bg5 e6 7.Qd2 a6 8.O-O-O Bd7
9.f4 h6 10.Bxf6 Qxf6 11.Nf3 Qd8 12.e5 d5 13.Be2 Qc7 14.Qe3 O-O-O 15.Qf2 Kb8
16.Bd3 Qa5 17.Kb1 Rc8 18.Ne2 Bc5 19.Qe1 Qb6 20.Nc1 Na5 21.Nb3 Nxb3 22.cxb3 g6
23.Qe2 Rc7 24.Nd2 Rhc8 25.g3 Be8  1/2-1/2

[Event "ch-POLJ u20"]
[Site "Jarnoltowek POL"]
[Date "2003.04.11"]
[Round "7"]
[White "Mista,A"]
[Black "Moranda,W"]
[Result "1-0"]
[WhiteElo "2430"]
[BlackElo "2329"]

1.e4 c5 2.Nf3 d6 3.d4 cxd4 4.Nxd4 Nf6 5.Nc3 Nc6 6.Bg5 Qb6 7.Nb3 e6 8.Bd3 Be7
9.O-O a6 10.a4 Bd7 11.Be3 Qc7 12.a5 Rc8 13.f4 Nb4 14.Qf3 Bc6 15.Qg3 Nxd3
16.cxd3 O-O 17.Rac1 Kh8 18.f5 Qd8 19.Bb6 Qd7 20.Rce1 Bd8 21.Bxd8 Qxd8 22.d4 d5
23.e5 Ne4 24.Qe3 exf5 25.Rxf5 g6 26.Nxe4 dxe4 27.Rf6 Qd5 28.Ref1 Bb5 29.R1f2 Kg8
30.h3 Rfd8 31.e6 fxe6 32.Nc5 Bc6 33.Nxe6 Re8 34.Qf4 Rxe6 35.Rf8+ Kg7 36.Rf7+  1-0

[Event "ch-POLJ u20"]
[Site "Jarnoltowek POL"]
[Date "2003.04.13"]
[Round "9"]
[White "Mista,A"]
[Black "Heberla,B"]
[Result "1/2-1/2"]
[WhiteElo "2430"]
[BlackElo "2390"]

1.e4 c5 2.Nf3 d6 3.d4 cxd4 4.Nxd4 Nf6 5.Nc3 Nc6 6.Bg5 Bd7 7.Nb3 h6 8.Bxf6 gxf6
9.Qh5 Rg8 10.f4 a6 11.Bc4 e6 12.f5 Rg5 13.Qe2 b5 14.h4 Rg3 15.fxe6 fxe6 16.Bd5 Rxc3
17.bxc3 exd5 18.O-O  1/2-1/2

[Event "ch-POLJ u20 w"]
[Site "Jarnoltowek POL"]
[Date "2003.04.14"]
[Round "10"]
[White "Zawadzka,J"]
[Black "Czarnota,D"]
[Result "1/2-1/2"]
[WhiteElo "2296"]
[BlackElo "2191"]

1.e4 c5 2.Nf3 Nc6 3.d4 cxd4 4.Nxd4 Nf6 5.Nc3 d6 6.Bg5 e6 7.Qd2 a6 8.O-O-O Bd7
9.f4 b5 10.Bxf6 gxf6 11.f5 Nxd4 12.Qxd4 Bh6+ 13.Kb1 Bf4 14.Ne2 Be5 15.Qd2 Qb6
16.fxe6 fxe6 17.Nf4 O-O 18.g3 a5 19.Bh3 Rae8 20.Rhf1 Kh8 21.Rf3 Rf7 22.Nd3 Bc6
23.Nxe5 dxe5 24.Rd3 Bxe4 25.Rd6 Qc5 26.Bxe6 Rc7 27.Rc1 a4 28.a3 Kg7 29.g4 Rxe6
30.Rxe6 Bd5 31.Ra6 Qc4 32.b3 axb3 33.cxb3 Qxb3+ 34.Qb2 Qd3+ 35.Ka1 Rxc1+
36.Qxc1 Qd4+ 37.Qb2 Qg1+ 38.Qb1 Qd4+ 39.Qb2 Qxg4 40.Qxb5 Qg1+ 41.Qb1 Qxh2
42.Ra7+ Bf7 43.a4 e4 44.Rxf7+ Kxf7 45.Qxe4 h5 46.a5 Qd2 47.Qb7+ Kg6  1/2-1/2

[Event "XXXIV Open"]
[Site "Mar del Plata ARG"]
[Date "2003.04.14"]
[Round "4"]
[White "Abarca Aguirre,M"]
[Black "Walsh,H"]
[Result "1/2-1/2"]
[WhiteElo "2353"]
[BlackElo "2156"]

1.e4 c5 2.Nf3 d6 3.d4 cxd4 4.Nxd4 Nf6 5.Nc3 Nc6 6.Bg5 e6 7.Qd2 a6 8.O-O-O Bd7
9.f3 Be7 10.h4 Nxd4 11.Qxd4 Rc8 12.Kb1 Qa5 13.Qd2 h6 14.Be3 e5 15.g4 Be6
16.Bh3 Rxc3 17.Qxc3 Bxa2+ 18.Ka1 Qxc3 19.bxc3 Bc4 20.g5 Nd7 21.f4 f6 22.gxh6 gxh6
23.Rhg1 exf4 24.Bxf4 Ne5 25.Bxe5 fxe5 26.Bc8 b6 27.Rb1 Kf7 28.Bb7 Bxh4 29.Rh1 Bd8
30.Rb4 b5 31.Bxa6 Ba5 32.Bxb5 Be6 33.Bc6 Bxb4 34.cxb4 h5 35.b5 h4 36.b6 h3
37.b7 Kf6 38.Kb2 Rb8 39.Ka3 Ke7 40.Rg1 h2 41.Rg7+ Kd8 42.Rh7 h1=Q 43.Rxh1 Kc7
44.Bd5  1/2-1/2

[Event "34th Norwegian Open"]
[Site "Oslo NOR"]
[Date "2003.04.14"]
[Round "3"]
[White "Hersvik,D"]
[Black "Van der Weide,K"]
[Result "1/2-1/2"]
[WhiteElo "2304"]
[BlackElo "2388"]

1.e4 c5 2.Nf3 Nc6 3.d4 cxd4 4.Nxd4 Nf6 5.Nc3 d6 6.Bg5 e6 7.Qd2 Be7 8.O-O-O O-O
9.f3 d5 10.h4 Nxd4 11.Qxd4 dxe4 12.Qxd8 Rxd8  1/2-1/2

[Event "7th Neckar Open"]
[Site "Deizisau GER"]
[Date "2003.04.19"]
[Round "5"]
[White "Landa,K"]
[Black "Balogh,C"]
[Result "1/2-1/2"]
[WhiteElo "2643"]
[BlackElo "2471"]

1.e4 c5 2.Nf3 d6 3.d4 cxd4 4.Nxd4 Nf6 5.Nc3 Nc6 6.Bg5 e6 7.Qd2 Be7 8.O-O-O Nxd4
9.Qxd4 O-O 10.f3 Bd7 11.Qd2 Bc6 12.Bd3 Qc7 13.Ne2 Rfd8 14.Nd4 Rac8 15.Kb1 Ne8
16.h4 Bf6 17.Bxf6 Nxf6 18.h5 d5 19.e5 Qxe5 20.Rde1 Qd6 21.g4 Nd7 22.g5 e5
23.Nf5 Qe6 24.g6 fxg6 25.hxg6 hxg6 26.Nxg7 Kxg7 27.Qh6+ Kf7 28.Qh7+ Kf8 29.Reg1 Nf6
30.Qxg6 Ke7 31.Bf5 Qf7 32.Qg3 Kd6 33.Re1 Nd7 34.Rh6+ Kc7 35.Bxd7 Rxd7 36.Qxe5+ Kb6
37.Qd4+ Ka6 38.Qd3+ Kb6 39.Qd4+ Ka6 40.Qa4+ Kb6 41.Qd4+ Ka6  1/2-1/2

[Event "Open"]
[Site "Lenk SUI"]
[Date "2003.04.19"]
[Round "4"]
[White "Gallagher,Jo"]
[Black "Vuilleumier,A"]
[Result "1-0"]
[WhiteElo "2515"]
[BlackElo "2173"]

1.e4 c5 2.Nf3 d6 3.d4 cxd4 4.Nxd4 Nf6 5.Nc3 Nc6 6.Bg5 e6 7.Qd2 a6 8.O-O-O h6
9.Nxc6 bxc6 10.Bf4 d5 11.Qe3 Be7 12.Be2 O-O 13.Qg3 Kh8 14.Bc7 Qd7 15.Be5 Ne8
16.exd5 exd5 17.Rhe1 Qb7 18.Bd3 Bf6 19.Qe3 a5 20.Na4 Bxe5 21.Qxe5 Qb4 22.Qxe8 Bf5
23.Qe5 Bxd3 24.Rxd3 Qxa4 25.Rg3 f6 26.Qc7 Rg8 27.Re7 Qc4 28.b3 Qf1+ 29.Kb2 a4
30.a3 Qxf2 31.Rexg7 Qd4+ 32.Kc1 Qa1+ 33.Kd2 Qd4+ 34.Kc1 Qa1+ 35.Kd2 Qd4+
36.Ke2 Rge8+ 37.Re7 Qc5 38.Rg8+  1-0

[Event "7th Neckar Open"]
[Site "Deizisau GER"]
[Date "2003.04.21"]
[Round "8"]
[White "Sax,G"]
[Black "Shengelia,D"]
[Result "0-1"]
[WhiteElo "2511"]
[BlackElo "2457"]

1.e4 c5 2.Nf3 d6 3.d4 cxd4 4.Nxd4 Nf6 5.Nc3 Nc6 6.Bg5 e6 7.Qd2 Be7 8.O-O-O Nxd4
9.Qxd4 O-O 10.f3 a6 11.h4 b5 12.Kb1 Qa5 13.Qd2 b4 14.Ne2 e5 15.c4 Be6 16.Ng3 Rfd8
17.Bd3 Rac8 18.Rc1 h6 19.Bxf6 Bxf6 20.Nh5 Be7 21.g4 Kh8 22.Ng3 Rc6 23.g5 Rdc8
24.Nf5 Bf8 25.gxh6 g6 26.Rhg1 Qd8 27.h5 gxf5 28.exf5 Bxc4 29.Bxc4 Rxc4 30.f6 Qxf6
31.Qg2 Rxc1+ 32.Rxc1 Rxc1+ 33.Kxc1 Bxh6+ 34.Kc2 d5 35.Qg4 Qc6+ 36.Kb3 a5  0-1

[Event "Commonwealth Ch"]
[Site "Mumbai IND"]
[Date "2003.04.21"]
[Round "3"]
[White "Shetty,R"]
[Black "Vladimirov,E"]
[Result "0-1"]
[WhiteElo "2387"]
[BlackElo "2597"]

1.e4 c5 2.Nf3 d6 3.d4 cxd4 4.Nxd4 Nf6 5.Nc3 Nc6 6.Bg5 e6 7.Qd2 Qb6 8.Nb3 a6
9.O-O-O Be7 10.f4 O-O 11.Bd3 Qc7 12.h4 b5 13.h5 b4 14.Ne2 a5 15.Nbd4 Nxd4
16.Nxd4 Bb7 17.h6 g6 18.Rhf1 Qb6 19.Nf3 Rfc8 20.Qe1 b3 21.axb3 a4 22.b4 a3
23.b3 d5 24.Qh4 a2 25.Kb2 Bxb4 26.Bxf6 Qa5 27.c4 dxc4 28.Rc1 cxd3 29.Ka1 d2
30.Nxd2 Bxd2 31.Be5 Rxc1+ 32.Rxc1 Bxc1  0-1

[Event "Commonwealth Ch"]
[Site "Mumbai IND"]
[Date "2003.04.21"]
[Round "3"]
[White "Rohit,G"]
[Black "Sai,S"]
[Result "1-0"]
[WhiteElo "2357"]
[BlackElo "2223"]

1.e4 c5 2.Nf3 Nc6 3.d4 cxd4 4.Nxd4 Nf6 5.Nc3 d6 6.Bg5 Bd7 7.Be2 Rc8 8.O-O Nxd4
9.Qxd4 Qa5 10.Bxf6 gxf6 11.Nd5 Qc5 12.Qd3 Rg8 13.c3 a6 14.b4 Qa7 15.a4 Rg6
16.Kh1 e6 17.Ne3 Be7 18.f4 Rg8 19.Bh5 b6 20.Ng4 Qb7 21.Nh6 Rg7 22.Rfe1 Kf8
23.Bf3 a5 24.Ng4 Qc7 25.bxa5 bxa5 26.Rec1 Qc4 27.Qd2 Kg8 28.Qd4 Rg6 29.Ne3 Qc5
30.Rab1 Bf8 31.f5 Rg7 32.Ng4 Qxd4 33.cxd4 Rxc1+ 34.Rxc1 Be7 35.Rc7 exf5 36.exf5 h5
37.Nf2  1-0

[Event "Commonwealth Ch"]
[Site "Mumbai IND"]
[Date "2003.04.22"]
[Round "4"]
[White "Swathi,G"]
[Black "Shetty,R"]
[Result "0-1"]
[WhiteElo "2280"]
[BlackElo "2387"]

1.e4 c5 2.Nf3 d6 3.d4 cxd4 4.Nxd4 Nf6 5.Nc3 Nc6 6.Bg5 Qb6 7.Nb3 e6 8.Qd2 a6
9.O-O-O Be7 10.f4 O-O 11.Kb1 Rd8 12.Bd3 Qc7 13.g4 b5 14.Bxf6 Bxf6 15.g5 Be7
16.Ne2 Qb6 17.h4 a5 18.h5 a4 19.Nbc1 a3 20.b3 d5 21.e5 Bb4 22.c3 Bf8 23.Qc2 d4
24.Bxh7+ Kh8 25.h6 gxh6 26.gxh6 Bb7 27.Rdg1 Ne7 28.Be4 d3 29.Bxd3 Bxh1 30.Rxh1 Rac8
31.Qd2 Nd5 32.Rh3 Qf2 33.Bxb5 Nxc3+ 34.Rxc3 Rxd2 35.Rxc8 Kh7 36.Rxf8 Rb2+
37.Ka1 Rxe2  0-1

[Event "Commonwealth Ch"]
[Site "Mumbai IND"]
[Date "2003.04.23"]
[Round "5"]
[White "Nikhilesh,K"]
[Black "Gupta,A"]
[Result "0-1"]
[WhiteElo "2163"]
[BlackElo "2335"]

1.e4 c5 2.Nf3 d6 3.d4 cxd4 4.Nxd4 Nf6 5.Nc3 Nc6 6.Bg5 e6 7.Be2 Be7 8.O-O O-O
9.Qd2 a6 10.Rad1 Qc7 11.Kh1 Rd8 12.f4 h6 13.Nxc6 bxc6 14.Bxf6 Bxf6 15.Qe3 Bb7
16.b3 c5 17.Bf3 Bc6 18.Ne2 Qb7 19.e5 Bxf3 20.gxf3 dxe5 21.fxe5 Bg5 22.Qc3 Rd5
23.Rxd5 Qxd5 24.Qc4 Qxc4 25.bxc4 Rd8 26.f4 Rd2 27.Ng3 Be7 28.Rf3 Rxc2 29.Ra3 Rxc4
30.Rxa6 Rxf4 31.a4 Bh4 32.Ra8+ Kh7 33.a5 Bxg3 34.hxg3 Re4 35.a6 Rxe5 36.a7 Re1+
37.Kg2 Ra1 38.Kf3 c4 39.Ke4 c3 40.Kd3 Ra3  0-1

[Event "Commonwealth Ch"]
[Site "Mumbai IND"]
[Date "2003.04.23"]
[Round "5"]
[White "Venkatesh,M"]
[Black "Krishna,CK"]
[Result "0-1"]
[WhiteElo "2391"]
[BlackElo "2161"]

1.e4 c5 2.Nf3 Nc6 3.d4 cxd4 4.Nxd4 Nf6 5.Nc3 d6 6.Bg5 Bd7 7.Nb3 a6 8.a4 e6
9.Be2 Be7 10.O-O O-O 11.Bxf6 gxf6 12.Bd3 Kh8 13.Qh5 Rg8 14.f4 Rg7 15.Kh1 Nb4
16.Rf3 Nxd3 17.Rxd3 Qb6 18.Rf1 Rag8 19.Rh3 f5 20.a5 Qb4 21.Rd1 Bf6 22.Re1 Bc6
23.Qh6 Bd8 24.Ree3 Bxe4 25.Nxe4 fxe4 26.Rc3 Qb5 27.Nd2 Qe2 28.g4 Qe1+ 29.Kg2 Qxd2+
30.Kf1 Qd1+ 31.Kf2 Bxa5 32.Rce3 Bb6 33.Qf6 Bxe3+ 34.Kxe3 Qe1+ 35.Kd4 Qb4+
36.Ke3 Qe1+ 37.Kd4 Qd1+ 38.Ke3 Qxg4 39.Rg3 Qf5 40.Qc3 Qb5  0-1

[Event "Commonwealth Ch"]
[Site "Mumbai IND"]
[Date "2003.04.23"]
[Round "6"]
[White "Konguvel,P"]
[Black "Krishna,CK"]
[Result "1-0"]
[WhiteElo "2331"]
[BlackElo "2161"]

1.e4 c5 2.Nf3 Nc6 3.d4 cxd4 4.Nxd4 Nf6 5.Nc3 d6 6.Bg5 Bd7 7.Qd2 Rc8 8.O-O-O Nxd4
9.Qxd4 Qa5 10.Bd2 e5 11.Qd3 a6 12.f3 b5 13.Nxb5 Qxa2 14.Qa3 Qxa3 15.Nxa3 Rc6
16.Nc4 Be7 17.Bb4 Be6 18.Nxd6+ Kf8 19.Ba3 g6 20.Be2 Kg7 21.Rd2 Rb8 22.Rhd1 Bf8
23.c4 Kg8 24.Kb1 Rb3 25.Rd3 Rb8 26.c5 Nd7 27.Rc3 h5 28.Rdd3 Be7 29.Bd1 Rc7
30.Ba4 Rd8 31.Kc2 Rb8 32.b4 Rd8 33.Bb3 Nf8 34.Nc4 Nd7 35.Ne3  1-0

[Event "Commonwealth Ch"]
[Site "Mumbai IND"]
[Date "2003.04.25"]
[Round "8"]
[White "Akshayraj,K"]
[Black "Venkatesh,M"]
[Result "0-1"]
[WhiteElo "2283"]
[BlackElo "2391"]

1.e4 c5 2.Nf3 Nc6 3.d4 cxd4 4.Nxd4 Nf6 5.Nc3 d6 6.Bg5 e6 7.Qd2 a6 8.O-O-O Bd7
9.f4 b5 10.Bxf6 gxf6 11.Kb1 Qb6 12.Nxc6 Bxc6 13.Qe1 O-O-O 14.Bd3 b4 15.Ne2 d5
16.Ng3 Bc5 17.Qe2 Kb7 18.Rhf1 a5 19.f5 Bd4 20.Qh5 Rd7 21.exd5 exd5 22.Be2 a4
23.Rf3 Be5 24.Rfd3 Ra8 25.Bf3 Qa5 26.Ne2 a3 27.b3 Qc5 28.Qh4 Rc8 29.c4 bxc3
30.Kc2 Ka7 31.Nd4 Bb7 32.Ne2 Rd6 33.Qxh7 Rc7 34.Qh4 Kb8 35.Qh8+ Rc8 36.Qh5 Rd7
37.Qg4 Rcd8 38.h4 Ba6 39.h5 Bxd3+ 40.Rxd3 Rb7 41.h6 Rb4 42.Qg7 Rxb3 43.axb3 a2
44.Rd1 Qe3 45.Rxd5 Qd2+  0-1

[Event "XXI Open"]
[Site "Metz FRA"]
[Date "2003.04.26"]
[Round "8"]
[White "Kritz,L"]
[Black "Shchekachev,A"]
[Result "1/2-1/2"]
[WhiteElo "2468"]
[BlackElo "2592"]

1.e4 c5 2.Nf3 d6 3.d4 Nf6 4.Nc3 cxd4 5.Nxd4 Nc6 6.Bg5 e6 7.Qd2 a6 8.O-O-O Nxd4
9.Qxd4 Be7 10.f3 b5 11.h4 Qc7 12.Qd2 Bb7 13.Ne2 Rc8 14.Nd4 h6 15.Be3 Nd7
16.Kb1 d5 17.exd5 Bxd5 18.Bf4 Bd6 19.Bxd6 Qxd6 20.Nf5 Qc5 21.Nxg7+ Ke7 22.Nh5 Nb6
23.Nf4 Rhd8 24.Nxd5+ Nxd5 25.Bd3 Ne3 26.Rde1 Nc4 27.Qc3 Rd4 28.Re2 b4 29.Qe1 a5
30.Bxc4 Rxc4 31.Qf2 Qf5 32.Rc1 Kf8 33.b3 Rf4 34.Re3 Qc5 35.g3 Rf5 36.Qd2 Kg7
37.f4 Rd5 38.Rd3 Rxd3 39.Qxd3 h5 40.Re1 Qf2 41.Re5 Rc5 42.Rxc5 Qxc5 43.a3 bxa3
44.Ka2 f6 45.c4 e5 46.Qd7+ Kf8 47.Qd8+ Kf7 48.fxe5 fxe5 49.Qg5 Qd4 50.Qxh5+ Kg7
51.Qg5+ Kf7 52.Qc1 e4 53.c5 Ke8 54.c6 Kd8 55.h5 e3 56.h6 Kc7 57.h7 e2 58.h8=Q Qxh8
59.Qf4+ Kxc6 60.Qe4+ Kb6 61.Qe3+ Kb7 62.Qxe2 Qh1 63.g4 Qg1 64.Qe7+ Kb6 65.g5 Qc1
66.Qf6+ Kb5 67.g6 a4 68.bxa4+ Ka5 69.g7 Qc2+ 70.Kxa3 Qb3+  1/2-1/2

[Event "Commonwealth Ch"]
[Site "Mumbai IND"]
[Date "2003.04.26"]
[Round "9"]
[White "Rohit,G"]
[Black "Neelotpal,D"]
[Result "1-0"]
[WhiteElo "2357"]
[BlackElo "2468"]

1.e4 c5 2.Nf3 d6 3.d4 cxd4 4.Nxd4 Nf6 5.Nc3 Nc6 6.Bg5 Qb6 7.Nb3 e6 8.Be2 Be7
9.O-O a6 10.a4 Qc7 11.a5 Ne5 12.Be3 Nc4 13.Bxc4 Qxc4 14.Ra4 Qc6 15.f4 O-O
16.Qd3 Qe8 17.Raa1 Bd7 18.e5 Ng4 19.Bb6 dxe5 20.h3 e4 21.Nxe4 Nf6 22.Nxf6+ Bxf6
23.Bd4 Be7 24.Rfe1 Bc6 25.Qg3 g6 26.f5 Bd5 27.f6 Bd8 28.Qh4 Kh8 29.c4 Bc6
30.Nc5 g5 31.Qh6 Rg8 32.Rxe6 Qf8 33.Qg7+ Rxg7 34.fxg7+ Qxg7 35.Bxg7+ Kxg7
36.Re2 Bf6 37.Rd1 Rc8 38.Nd7 Ba4 39.Rd6 Rd8 40.Rxf6 Rxd7 41.Rb6 Bc6 42.b4 Rd1+
43.Kh2 Rb1 44.b5  1-0

[Event "Commonwealth Ch"]
[Site "Mumbai IND"]
[Date "2003.04.26"]
[Round "9"]
[White "Gopal,G"]
[Black "Gupta,A"]
[Result "0-1"]
[WhiteElo "2170"]
[BlackElo "2335"]

1.e4 c5 2.Nf3 d6 3.d4 cxd4 4.Nxd4 Nf6 5.Nc3 Nc6 6.Bg5 e6 7.Qd2 a6 8.O-O-O Nxd4
9.Qxd4 Be7 10.f4 b5 11.Be2 Bb7 12.Bf3 Rc8 13.e5 Bxf3 14.gxf3 dxe5 15.fxe5 Qxd4
16.Rxd4 Nd5 17.Nxd5 Bxg5+ 18.f4 Bd8 19.Ne3 Bb6 20.Rd3 Ke7 21.Rhd1 Rhd8 22.b3 Bc5
23.c3 Bxe3+ 24.Rxe3 Rd5 25.Kc2 a5 26.Red3 Rcc5 27.R1d2 g5 28.fxg5 Rxe5 29.Rd7+ Kf8
30.Ra7 b4 31.Rf2 Rf5 32.Rxf5 Rxf5 33.cxb4 axb4 34.h4 Kg7 35.Rb7 Rf4 36.h5 Rg4
37.Rb5 h6 38.gxh6+ Kxh6 39.Kd3 Kg7 40.Ke3 f5 41.Kf3 Re4 42.Rb8 Rh4 43.Rb6 Kf6
44.h6 Rxh6 45.Rxb4 Kg5 46.a4 e5 47.Rb8 e4+ 48.Kg3 f4+ 49.Kg2 Rd6 50.Re8 Rd2+
51.Kf1 e3 52.a5 Kg4 53.a6 Kf3 54.Ke1 Ra2  0-1

[Event "Capablanca Mem Premier I"]
[Site "Havana CUB"]
[Date "2003.05.06"]
[Round "1"]
[White "Herrera,I"]
[Black "Mateo,Ra"]
[Result "1/2-1/2"]
[WhiteElo "2436"]
[BlackElo "2444"]

1.e4 c5 2.Nf3 d6 3.d4 cxd4 4.Nxd4 Nf6 5.Nc3 Nc6 6.Bg5 e6 7.Qd2 Be7 8.O-O-O Nxd4
9.Qxd4 a6 10.f3 Qc7 11.Kb1 Bd7 12.g4 b5 13.Be3 h6 14.h4 Rb8  1/2-1/2

[Event "FSGM May"]
[Site "Budapest HUN"]
[Date "2003.05.07"]
[Round "5"]
[White "Predojevic,B"]
[Black "Chernyshov,K"]
[Result "1-0"]
[WhiteElo "2430"]
[BlackElo "2524"]

1.e4 c5 2.Nf3 Nc6 3.d4 cxd4 4.Nxd4 Nf6 5.Nc3 d6 6.Bg5 e6 7.Qd2 a6 8.O-O-O h6
9.Nxc6 bxc6 10.Bf4 d5 11.Qe3 Be7 12.Be2 O-O 13.h4 Bb4 14.e5 Bxc3 15.Qxc3 Ne4
16.Qe3 Qe7 17.f3 Nc5 18.Rh3 f5 19.exf6 Rxf6 20.Rg3 e5 21.Bxe5 Nd7 22.f4 Nxe5
23.fxe5 Re6 24.Bd3 Qxh4 25.Rf1 Qe7 26.Rgf3 Bb7 27.Rf5 Re8 28.Qf4 Bc8 29.Kb1 Qd8
30.Qg3 R6e7 31.Qg6 Bxf5 32.Bxf5 Rxe5 33.Qh7+ Kf7 34.Bd7+ Ke7 35.Qxg7+ Kd6
36.Bxe8 Qxe8 37.Rf6+ Re6 38.Qxh6 Rxf6 39.Qxf6+ Kc5 40.Qf2+ Kb5 41.b3 c5 42.a4+ Kc6
43.Qf6+ Kb7 44.Qd6 Qe4 45.Qxc5 Qxg2 46.a5 Qh1+ 47.Ka2 Qf1 48.Qxd5+ Ka7 49.Qc5+ Kb7
50.c4 Qc1 51.Qb6+ Ka8 52.Qxa6+ Kb8 53.Qb6+ Ka8 54.Qc6+ Ka7 55.Qd7+  1-0

[Event "Riviera IM"]
[Site "Opatija CRO"]
[Date "2003.05.08"]
[Round "12"]
[White "Zelenika,S"]
[Black "Muslija,I"]
[Result "1/2-1/2"]
[WhiteElo "2354"]
[BlackElo "2237"]

1.e4 c5 2.Nf3 Nc6 3.d4 cxd4 4.Nxd4 Nf6 5.Nc3 d6 6.Bg5 e6 7.Qd2 a6 8.O-O-O Bd7
9.f4 b5 10.Nxc6 Bxc6 11.Bd3 Qb6 12.Bxf6 gxf6 13.Rhe1 h5 14.Nd5 Bxd5 15.exd5 e5
16.Kb1 O-O-O 17.a4 bxa4 18.Re4 Kd7 19.Rb4 Qc7 20.Rc4 Qb7 21.Rb4 Qa7 22.Qc3 Rb8
23.Bf5+ Ke7 24.Rc4 Kd8 25.Rc8+ Rxc8 26.Qxc8+ Ke7 27.fxe5 fxe5 28.Qc4 Bg7
29.Qxa4 Rb8 30.c3 Bf6 31.g3 Rb5 32.Qe4  1/2-1/2

[Event "National I"]
[Site "Clermont-Ferrand FRA"]
[Date "2003.05.09"]
[Round "9"]
[White "Kazhgaleyev,M"]
[Black "Efimov,I"]
[Result "1/2-1/2"]
[WhiteElo "2600"]
[BlackElo "2477"]

1.e4 c5 2.Nf3 Nc6 3.d4 cxd4 4.Nxd4 Nf6 5.Nc3 d6 6.Bg5 e6 7.Qd2 a6 8.O-O-O h6
9.Be3 Bd7 10.f3 Rc8 11.g4 Ne5 12.Bd3 b5 13.Rhe1 Be7 14.Kb1 Qc7 15.h4 Qb7
16.g5 hxg5 17.hxg5 Nh5 18.f4 Nc4 19.Bxc4 Rxc4 20.Qd3 Rc7 21.g6 b4 22.gxf7+ Kxf7
23.Nce2 Nf6 24.e5 Ne4 25.exd6 Bxd6 26.f5 exf5 27.Qb3+ Kf6 28.Nf4 Bxf4 29.Bxf4 Rc5
30.Bd6 Rd5 31.Bxb4 Rb8 32.a3 Ke5  1/2-1/2

[Event "Capablanca Mem Premier I"]
[Site "Havana CUB"]
[Date "2003.05.10"]
[Round "5"]
[White "Herrera,I"]
[Black "Fernando,D"]
[Result "1-0"]
[WhiteElo "2436"]
[BlackElo "2438"]

1.e4 c5 2.Nf3 d6 3.d4 cxd4 4.Nxd4 Nf6 5.Nc3 Nc6 6.Bg5 e6 7.Qd2 a6 8.O-O-O Nxd4
9.Qxd4 Be7 10.f4 b5 11.Be2 Bb7 12.Bf3 Qc7 13.Bxf6 gxf6 14.f5 h5 15.Kb1 Qc5
16.fxe6 fxe6 17.Qxc5 dxc5 18.Ne2 h4 19.Nf4 e5 20.Bh5+ Rxh5 21.Nxh5 Bxe4 22.Rhf1 Rd8
23.Rxd8+ Kxd8 24.g4 hxg3 25.hxg3 f5 26.Ng7 f4 27.gxf4 exf4 28.Rxf4  1-0

[Event "FSGM May"]
[Site "Budapest HUN"]
[Date "2003.05.13"]
[Round "11"]
[White "McDonald,N"]
[Black "Chernyshov,K"]
[Result "0-1"]
[WhiteElo "2392"]
[BlackElo "2524"]

1.e4 c5 2.Nf3 Nc6 3.d4 cxd4 4.Nxd4 Nf6 5.Nc3 d6 6.Bg5 e6 7.Qd2 a6 8.O-O-O h6
9.Be3 Bd7 10.f3 Qc7 11.g4 O-O-O 12.h4 Kb8 13.Rg1 Be7 14.g5 hxg5 15.hxg5 Ne8
16.Nxc6+ Qxc6 17.b4 b5 18.Qd4 Qb7 19.a4 bxa4 20.b5 axb5 21.Bxb5 Bxb5 22.Nxb5 Qxb5
23.Qa7+ Kc8 24.Rd3 Rd7 25.Qa8+ Qb8 26.Qa6+ Qb7 27.Qxa4 Rc7 28.g6 f6 29.Bd2 Qa7  0-1

[Event "Capablanca Mem Premier I"]
[Site "Havana CUB"]
[Date "2003.05.13"]
[Round "8"]
[White "Otero,D"]
[Black "Perez,Lu"]
[Result "1-0"]
[WhiteElo "2394"]
[BlackElo "2391"]

1.e4 c5 2.Nf3 d6 3.d4 cxd4 4.Nxd4 Nf6 5.Nc3 Nc6 6.Bg5 e6 7.Qd2 a6 8.O-O-O h6
9.Be3 Bd7 10.f3 b5 11.g4 Nxd4 12.Bxd4 b4 13.Ne2 e5 14.Be3 Qa5 15.Kb1 Be6
16.Nc1 d5 17.exd5 Nxd5 18.Nb3 Qc7 19.Bd3 Be7 20.h4 O-O 21.g5 h5 22.g6 f5
23.Bg5 a5 24.Rde1 Rae8 25.Qe2 Bxg5 26.hxg5 Nf4 27.Rxh5 Nxg6 28.Qh2 Bc4 29.Bxc4+ Qxc4
30.Rh7 Re7 31.Qh5 Qe6 32.Nc5 Qd6 33.Nd3 Rc8 34.Rh1 Qc6 35.Ka1 Qe6 36.f4 exf4
37.a3 Rc4 38.Ne5 Qxe5 39.Qxg6 Qe1+ 40.Rxe1 Rxe1+ 41.Ka2 Re7 42.Qxf5  1-0

[Event "53rd ch-HUN"]
[Site "Heviz HUN"]
[Date "2003.05.14"]
[Round "3"]
[White "Cao,S"]
[Black "Acs,P"]
[Result "1/2-1/2"]
[WhiteElo "2531"]
[BlackElo "2600"]

1.e4 c5 2.Nf3 d6 3.d4 cxd4 4.Nxd4 Nf6 5.Nc3 Nc6 6.Bg5 e6 7.Qd2 a6 8.O-O-O Bd7
9.f4 b5 10.Bxf6 gxf6 11.Nxc6 Bxc6 12.Qe3 Qc7 13.Kb1 Qa7 14.Qe1 Be7 15.f5 Qc5
16.Bd3 b4 17.Ne2 a5 18.fxe6 fxe6 19.Nf4 Qe5 20.Rf1 Rc8 21.Rf2 a4 22.Ba6 Rb8
23.Nd3 Qa5 24.Bc4 Bd7 25.Nf4 Qe5 26.Qe3 Rc8 27.Be2 Qc5 28.Bh5+ Kd8 29.Qd2 a3
30.Bg4 Rg8 31.h3 Rg5 32.Re2 Re5 33.b3 Rg5 34.Nd3 Qc3 35.Qxc3 bxc3 36.Nf4 Re5
37.Nd3 Rg5 38.Nf4 Re5 39.Nd3 Rb5 40.Nf4 Re5  1/2-1/2